Statistics for Loanwords by Language

Click here to take the quiz!

General Stats

  • This quiz has been taken 151 times
  • The average score is 18 of 30

Answer Stats

ExpressionLanguage% Correct
Annus horribilisLatin
94%
KindergartenGerman
93%
PizzaItalian
93%
Déjà-vuFrench
91%
SamuraiJapanese
91%
ArmadaSpanish
88%
VodkaRussian
87%
MahjongChinese (Cantonese)
78%
RabbiHebrew
78%
ApartheidAfrikaans
77%
LeprechaunIrish
77%
SaunaFinnish
74%
GoulashHungarian
70%
UkuleleHawaiian
68%
IglooInuit
63%
PoliticsGreek
62%
Hakuna matataSwahili
61%
TếtVietnamese
59%
KarmaSanskrit
54%
YoghurtTurkish
46%
GeyserIcelandic
41%
HakaMāori
41%
BagelYiddish
40%
CorgiWelsh
31%
AdmiralArabic
29%
CookieDutch
28%
AvocadoNahuatl (Aztec)
26%
TomahawkNative American (Algonquian)
24%
VampireSerbo-Croatian
10%
AtollMaldivian
4%

Score Distribution

Percentile by Number Answered

Percent of People with Each Score

Your Score History

You have not taken this quiz